书目信息 |
| 题名: |
人类生活的保障——聚落环境
|
|
| 作者: | 鲍新华 , 张戈 , 李方正 编写 | |
| 分册: | ||
| 出版信息: | 长春 吉林出版集团有限责任公司 2013 |
|
| 页数: | 121页 | |
| 开本: | 23cm | |
| 丛书名: | 美好未来丛书 | |
| 单 册: | ||
| 中图分类: | X21-49 , X21 | |
| 科图分类: | ||
| 主题词: | 聚落环境--青少年读物 | |
| 电子资源: | ||
| ISBN: | 978-7-5463-2073-1 | |
| 000 | 01020oam2 2200277 450 | |
| 001 | 2376437725 | |
| 005 | 20231129013545.71 | |
| 010 | @a978-7-5463-2073-1@dCNY39.80 | |
| 100 | @a20150728d2013 demy0chiy50 ea | |
| 101 | 0 | @achi |
| 102 | @aCN@b220000 | |
| 105 | @aa z 000yy | |
| 200 | 1 | @a人类生活的保障——聚落环境@Aren lei sheng huo de bao zhang — — ju lao huan jing@f鲍新华,张戈,李方正编写 |
| 210 | @a长春@c吉林出版集团有限责任公司@d2013 | |
| 215 | @a121页@c彩图@d23cm | |
| 225 | 1 | @a美好未来丛书 |
| 330 | @a本书以图文并茂的形式向广大中小学生介绍了村落环境、院落环境、城市环境、城市环境中存在的各种问题以及解决方式、居室环境中人类面临的各种污染问题及防治措施,教导人们创造一个良好的环境。 | |
| 410 | 0 | @12001 @a美好未来丛书 |
| 606 | 0 | @a聚落环境@j青少年读物 |
| 690 | @aX21-49@v5 | |
| 690 | @aX21@v4 | |
| 701 | 0 | @a鲍新华@Abao xin hua@4编写 |
| 701 | 0 | @a张戈@Azhang ge@c(水文学)@4编写 |
| 701 | 0 | @a李方正@Ali fang zheng@c(科普)@4编写 |
| 801 | 0 | @aCN@b91MARC@c20210624 |
| 905 | @aZUCC@dX21@e17 | |
| 人类生活的保障——聚落环境/鲍新华,张戈,李方正编写.-长春:吉林出版集团有限责任公司,2013 |
| 121页:彩图;23cm.-(美好未来丛书) |
| ISBN 978-7-5463-2073-1:CNY39.80 |
| 本书以图文并茂的形式向广大中小学生介绍了村落环境、院落环境、城市环境、城市环境中存在的各种问题以及解决方式、居室环境中人类面临的各种污染问题及防治措施,教导人们创造一个良好的环境。 |
| ● |
| 相关链接 |
|
|
|
正题名:人类生活的保障——聚落环境
索取号:X21/17
 
预约/预借
| 序号 | 登录号 | 条形码 | 馆藏地/架位号 | 状态 | 备注 |
| 1 | 2001018522 | 2001018522 | 214主题书屋/四27架B面3层3列/ [索取号:X21/17] | 在馆 | |
| 2 | 2001018523 | 2001018523 | 214主题书屋/四27架B面3层3列/ [索取号:X21/17] | 在馆 | |
| 3 | 2001018524 | 2001018524 | 214主题书屋/四27架B面3层3列/ [索取号:X21/17] | 在馆 | |
| 4 | 2001018525 | 2001018525 | 214主题书屋/四27架B面3层3列/ [索取号:X21/17] | 在馆 | |
| 5 | 2001018526 | 2001018526 | 214主题书屋/四27架B面3层3列/ [索取号:X21/17] | 在馆 | |
| 6 | 2001018527 | 2001018527 | 214主题书屋/四27架B面3层3列/ [索取号:X21/17] | 在馆 |